Schaum's Outline of Theory and Problems of Set Theory and Related Topics (Record no. 611437)
[ view plain ]
| 000 -LEADER | |
|---|---|
| fixed length control field | 00473nam a22001577a 4500 |
| 020 ## - INTERNATIONAL STANDARD BOOK NUMBER | |
| International Standard Book Number | 0071164944 |
| 040 ## - CATALOGING SOURCE | |
| Transcribing agency | NUST |
| 082 ## - DEWEY DECIMAL CLASSIFICATION NUMBER | |
| Classification number | 511.322 |
| Author Mark | LIP |
| 100 ## - MAIN ENTRY--PERSONAL NAME | |
| Personal name | Lipschutz, Seymour |
| 9 (RLIN) | 8529 |
| 245 ## - TITLE STATEMENT | |
| Title | Schaum's Outline of Theory and Problems of Set Theory and Related Topics |
| 250 ## - EDITION STATEMENT | |
| Edition statement | Second Edition |
| 260 ## - PUBLICATION, DISTRIBUTION, ETC. | |
| Place of publication, distribution, etc. | New York: |
| Name of publisher, distributor, etc. | McGraw-Hill, |
| Date of publication, distribution, etc. | 1999. |
| 440 ## - SERIES STATEMENT/ADDED ENTRY--TITLE | |
| Title | Schaum's Outline Series |
| 9 (RLIN) | 8664 |
| 650 ## - SUBJECT ADDED ENTRY--TOPICAL TERM | |
| Topical term or geographic name entry element | Set Theory Problems, Exercises, etc |
| 9 (RLIN) | 125738 |
| 942 ## - ADDED ENTRY ELEMENTS (KOHA) | |
| Source of classification or shelving scheme | |
| Koha item type | Book |
| Withdrawn status | Lost status | Source of classification or shelving scheme | Damaged status | Not for loan | Permanent Location | Current Location | Shelving location | Date acquired | Total Checkouts | Full call number | Barcode | Date last seen | Date last checked out | Price effective from | Koha item type |
|---|---|---|---|---|---|---|---|---|---|---|---|---|---|---|---|
| College of Electrical & Mechanical Engineering (CEME) | College of Electrical & Mechanical Engineering (CEME) | General Stacks | 09/10/2024 | 1 | 511.322 LIP | CEME- 33380 | 01/29/2026 | 12/02/2025 | 09/10/2024 | Book |
